000
00289nam a22001217a 4500
008
180310b xxu||||| |||| 00| 0 eng d
041
_a
eng
080
_a
321
100
_a
20
101
_a
SHP
245
_a
Aggression and Violence Throughout the Life Span
_c
Peters, R.D
942
_2
udc
_c
BK
999
_c
44652
_d
44652